| 000 | 00500nam a22001577a 4500 | ||
|---|---|---|---|
| 082 |
_a621.1 _bABB |
||
| 100 |
_aAbbas, Syed Sammar (364937) _9132356 |
||
| 245 | _aPerformance Analysis of an axial compressor under boundary Layer Ingestion by FSI / | ||
| 264 |
_aIslamabad : _bUSPCAS-E, NUST _cJune, 2025 |
||
| 300 |
_axiv, 60 p. _e+CD |
||
| 520 | _aTH-633 | ||
| 650 |
_aMS TEE Thesis _9116575 |
||
| 650 |
_aMS Thesis _918721 |
||
| 700 |
_aSupervisor: Dr. Qazi Shahzad Ali _9132357 |
||
| 942 |
_2ddc _cTHE |
||
| 999 |
_c615567 _d615567 |
||